[Event "World Rapid 2023"]
[Site "Samarkand UZB"]
[Date "2023.12.27"]
[EventDate "2023.12.26"]
[Round "8.30"]
[Result "0-1"]
[White "Jinshi Bai"]
[Black "Nodirbek Abdusattorov"]
[WhiteElo "2585"]
[BlackElo "2727"]
[PlyCount "86"]

1. Nf3 Nf6 2. g3 d5 3. Bg2 c5 4. O-O e6 5. d4 cxd4 6. Nxd4 Bc5 7. c4 O-O 8. Nb3
Be7 9. Nc3 dxc4 10. Qxd8 Rxd8 11. Na5 Nd5 12. Nxc4 Nc6 13. Rd1 Nxc3 14. Rxd8+
Nxd8 15. bxc3 Bd7 16. Rb1 Rc8 17. Ne5 Be8 18. Bxb7 Rxc3 19. Be3 Ra3 20. Rb2 Rxe3
21. fxe3 Bf6 22. Rc2 Nxb7 23. Nd3 Nd6 24. Rc7 a5 25. Ra7 Bc3 26. Ra6 Ne4 27. a3
Kf8 28. g4 Ke7 29. Kg2 g5 30. h4 gxh4 31. Kh3 a4 32. Kxh4 Bd2 33. Nb2 Bb5 34.
Rb6 Nc3 35. g5 Bxe3 36. Rb7+ Kf8 37. Nd3 Bxd3 38. exd3 Kg7 39. Kh5 Nd5 40. Rb5
Nf4+ 41. Kg4 Nxd3 42. Kf3 Bc1 43. Ke4 0-1

[Event "World Rapid 2023"]
[Site "Samarkand UZB"]
[Date "2023.12.27"]
[EventDate "2023.12.26"]
[Round "8.31"]
[Result "1-0"]
[White "Vladislav Artemiev"]
[Black "Aryan Tari"]
[WhiteElo "2711"]
[BlackElo "2623"]
[PlyCount "62"]

1. c4 c5 2. Nf3 Nf6 3. e3 g6 4. b3 Bg7 5. Bb2 O-O 6. Be2 b6 7. d4 cxd4 8. Nxd4
Bb7 9. O-O d6 10. Bf3 Qd7 11. Nc3 Nc6 12. Nde2 Ne5 13. Bxb7 Qxb7 14. Nf4 Rfd8
15. Qe2 a6 16. Rfd1 Rab8 17. Ncd5 Nxd5 18. Nxd5 e6 19. Nb4 b5 20. cxb5 Qxb5 21.
Qxb5 Rxb5 22. Nxa6 Nf3+ 23. gxf3 Bxb2 24. Rab1 Ba3 25. b4 Ra8 26. Rxd6 Rc8 27.
Rd3 Bc1 28. f4 g5 29. Rd1 Ba3 30. Rb3 Bc1 31. Nc5 1-0

[Event "World Rapid 2023"]
[Site "Samarkand UZB"]
[Date "2023.12.27"]
[EventDate "2023.12.26"]
[Round "8.32"]
[Result "1-0"]
[White "Anish Giri"]
[Black "Dmitry Bocharov"]
[WhiteElo "2754"]
[BlackElo "2518"]
[PlyCount "72"]

1. d4 Nf6 2. Bg5 d5 3. e3 c5 4. Bxf6 gxf6 5. dxc5 e6 6. Nf3 Bxc5 7. Be2 Nc6 8.
O-O O-O 9. c4 d4 10. b4 Bxb4 11. exd4 e5 12. a3 Be7 13. d5 Na5 14. Nbd2 Kh8 15.
Bd3 Rg8 16. Re1 b6 17. Nh4 Nb7 18. Qh5 Rg7 19. Bf5 Nd6 20. Ne4 Qg8 21. g3 Ba6
22. Nxd6 Bxd6 23. Bd3 Bc5 24. Qf3 Qd8 25. Nf5 Rg5 26. d6 Rb8 27. Rad1 Rb7 28.
Be4 Rd7 29. Bc6 Bxc4 30. Bxd7 Qxd7 31. Ne7 Kg7 32. h4 Rg6 33. h5 Rg5 34. h6+ Kf8
35. Qa8+ Qe8 36. Qxe8+ 1-0

[Event "World Rapid 2023"]
[Site "Samarkand UZB"]
[Date "2023.12.27"]
[EventDate "2023.12.26"]
[Round "8.33"]
[Result "0-1"]
[White "Levan Pantsulaia"]
[Black "Andrey Esipenko"]
[WhiteElo "2561"]
[BlackElo "2702"]
[PlyCount "88"]

1. Nf3 d5 2. c4 e6 3. g3 Nf6 4. Bg2 Be7 5. O-O O-O 6. b3 c5 7. e3 b6 8. Bb2 Bb7
9. Nc3 Nbd7 10. Qe2 Rc8 11. Rfd1 Qc7 12. Rac1 Rfe8 13. cxd5 Nxd5 14. Nxd5 Bxd5
15. e4 Bb7 16. d4 Qb8 17. dxc5 Nxc5 18. Ne5 f6 19. Nc4 e5 20. h4 Qa8 21. f3 Rcd8
22. Bh3 Rxd1+ 23. Rxd1 Rd8 24. b4 Na4 25. Bxe5 b5 26. Bc7 Nc3 27. Rxd8+ Bxd8 28.
Qd3 Bxc7 29. Qxc3 Bxg3 30. Na5 Qb8 31. h5 Bh4 32. Kh1 Kh8 33. Qc5 Ba8 34. Qe7 h6
35. Bf5 Bg3 36. a3 Bc7 37. Be6 Bd6 38. Qf7 Qd8 39. Nb3 f5 40. Qxf5 Bc6 41. Kg2
Qh4 42. Nd4 Be8 43. Bf7 Qh2+ 44. Kf1 Bg3 0-1

[Event "World Rapid 2023"]
[Site "Samarkand UZB"]
[Date "2023.12.27"]
[EventDate "2023.12.26"]
[Round "8.35"]
[Result "1-0"]
[White "Shamsiddin Vokhidov"]
[Black "Alexey Sarana"]
[WhiteElo "2596"]
[BlackElo "2688"]
[PlyCount "48"]

1. e4 c5 2. Nf3 d6 3. d4 Nf6 4. Nc3 cxd4 5. Nxd4 a6 6. h3 e5 7. Nde2 b5 8. Ng3
Nbd7 9. a4 Qa5 10. Bd3 b4 11. Nce2 d5 12. exd5 Qxd5 13. Nf5 Qxg2 14. Rg1 Qxh3
15. Nxg7+ Bxg7 16. Rxg7 Bb7 17. Ng3 e4 18. Bc4 Ne5 19. Qd6 Nxc4 20. Qxf6 Bd5 21.
Rg5 Qe6 22. Qxh8+ Ke7 23. Qd4 Rd8 24. Nf5+ 1-0

[Event "World Rapid 2023"]
[Site "Samarkand UZB"]
[Date "2023.12.27"]
[EventDate "2023.12.26"]
[Round "8.36"]
[Result "1-0"]
[White "Arseniy Nesterov"]
[Black "Iturrizaga Bonelli, Eduardo"]
[WhiteElo "2584"]
[BlackElo "2600"]
[PlyCount "118"]

1. d4 Nf6 2. c4 e6 3. Nf3 Bb4+ 4. Bd2 a5 5. a3 Bxd2+ 6. Qxd2 d6 7. Nc3 Nbd7 8.
g4 O-O 9. g5 Nh5 10. O-O-O f5 11. e3 b6 12. Be2 Bb7 13. Rhg1 g6 14. Kb1 Qe7 15.
Ne1 Ng7 16. Nd3 c6 17. h4 e5 18. d5 cxd5 19. Ne1 d4 20. exd4 Rad8 21. Nc2 Ne6
22. h5 Rfe8 23. hxg6 hxg6 24. dxe5 dxe5 25. Nd5 Bxd5 26. cxd5 Ndc5 27. Bc4 Rd6
28. Rde1 Nf4 29. f3 Kg7 30. Qh2 Nh5 31. Nd4 f4 32. Nb5 Rd7 33. d6 Qd8 34. Nc7
Rf8 35. Rxe5 Rxd6 36. Qe2 Rd7 37. Rxc5 Re7 38. Ne6+ Rxe6 39. Qxe6 bxc5 40. Qe5+
Kh7 41. Re1 Rf5 42. Qe7+ Qxe7 43. Rxe7+ Kh8 44. Ra7 Rxg5 45. Rxa5 Rg3 46. Bd5
Nf6 47. Bc6 Rg1+ 48. Kc2 g5 49. Rxc5 g4 50. fxg4 Nxg4 51. a4 Kg7 52. a5 Kf6 53.
Kb3 Ne5 54. a6 f3 55. a7 f2 56. a8=Q f1=Q 57. Qd8+ Kf5 58. Qf8+ Ke6 59. Qe8+ 1-0

[Event "World Rapid 2023"]
[Site "Samarkand UZB"]
[Date "2023.12.27"]
[EventDate "2023.12.26"]
[Round "8.37"]
[Result "1-0"]
[White "Javokhir Sindarov"]
[Black "Vugar Asadli"]
[WhiteElo "2701"]
[BlackElo "2562"]
[PlyCount "54"]

1. e4 c5 2. Nf3 Nc6 3. Nc3 g6 4. d4 cxd4 5. Nxd4 Bg7 6. Nb3 Nf6 7. Be2 O-O 8.
O-O d6 9. Re1 Nd7 10. Bf1 b6 11. Bg5 Bb7 12. Qd2 Re8 13. Rab1 Nc5 14. Nd5 Rc8
15. c3 Qd7 16. Bb5 f6 17. Bf4 e6 18. Nxc5 bxc5 19. Ne3 Red8 20. Rbd1 Bf8 21. Ng4
Qf7 22. Bxd6 Ne5 23. Bxe5 Rxd2 24. Nxf6+ Qxf6 25. Bxf6 Rxd1 26. Rxd1 Bxe4 27.
Bd7 1-0

[Event "World Rapid 2023"]
[Site "Samarkand UZB"]
[Date "2023.12.27"]
[EventDate "2023.12.26"]
[Round "8.38"]
[Result "1/2-1/2"]
[White "Nikita Petrov"]
[Black "Sandipan Chanda"]
[WhiteElo "2561"]
[BlackElo "2486"]
[PlyCount "126"]

1. d4 f5 2. Qd3 e6 3. g4 d5 4. gxf5 exf5 5. Nf3 Nf6 6. c4 Bb4+ 7. Bd2 Bxd2+ 8.
Nbxd2 Nc6 9. Bg2 O-O 10. O-O Kh8 11. Ne5 Be6 12. Nxc6 bxc6 13. c5 f4 14. Rae1
Qd7 15. Nf3 Bf5 16. Ne5 Qe6 17. Qa6 Bh3 18. Qxc6 Qf5 19. Bxh3 Qxh3 20. f3 Rac8
21. Rf2 Qf5 22. Rg2 g5 23. Kh1 h6 24. Qa6 Rg8 25. Qxa7 Rg7 26. Qa6 h5 27. Qd3
Ne4 28. fxe4 dxe4 29. Qa6 Kh7 30. Rf1 Rf8 31. Qc6 g4 32. a4 Rf6 33. Qd5 f3 34.
exf3 exf3 35. Rg3 c6 36. Qb3 h4 37. Nxg4 Rxg4 38. Qxf3 Rf4 39. Qxf4 Qd5+ 40. Qf3
Rxf3 41. Rgxf3 Qxd4 42. a5 Qxc5 43. a6 Qd5 44. a7 c5 45. Kg1 Qd4+ 46. R1f2 Qg4+
47. Kf1 Qc4+ 48. Re2 Qa4 49. Ra3 Qf4+ 50. Rf2 Qc4+ 51. Re2 Qf4+ 52. Ke1 Qc1+ 53.
Kf2 Qf4+ 54. Kg1 Qg4+ 55. Rg2 Qd4+ 56. Kf1 Qf4+ 57. Rf2 Qc4+ 58. Kg1 Qg4+ 59.
Kh1 Qd1+ 60. Kg2 Qg4+ 61. Rg3 hxg3 62. a8=Q gxf2+ 63. Kxf2 1/2-1/2

[Event "World Rapid 2023"]
[Site "Samarkand UZB"]
[Date "2023.12.27"]
[EventDate "2023.12.26"]
[Round "8.39"]
[Result "0-1"]
[White "Kazybek Nogerbek"]
[Black "Aleksandr Shimanov"]
[WhiteElo "2483"]
[BlackElo "2578"]
[PlyCount "108"]

1. d4 Nf6 2. c4 d6 3. Nc3 g6 4. e4 Bg7 5. Nf3 O-O 6. Be2 Nbd7 7. O-O e5 8. Be3
Qe7 9. Qc2 a6 10. Rad1 exd4 11. Nxd4 Re8 12. f3 c5 13. Nb3 Ne5 14. Qd2 Be6 15.
Qxd6 Qxd6 16. Rxd6 Bxc4 17. Na5 Bxe2 18. Nxe2 b5 19. b3 Rec8 20. Rc1 Ned7 21. g4
Bf8 22. Rdd1 Nb6 23. Kg2 Ra7 24. Nf4 Rd7 25. Re1 Rdc7 26. Nd3 Nfd7 27. Bf4 Ra7
28. Be3 Rac7 29. Bf4 Ra7 30. Re2 c4 31. bxc4 bxc4 32. Nb2 c3 33. Nd3 Ba3 34.
Rcc2 Na4 35. e5 Nf8 36. Re4 Nb2 37. Nc1 Rd7 38. Ne2 Nd3 39. Rxc3 Rxc3 40. Nxc3
Bb4 41. Rxb4 Nxb4 42. Ne4 Rd3 43. Nf6+ Kh8 44. Bh6 Nd7 45. Nc4 Nxf6 46. exf6 Kg8
47. a3 Nd5 48. Bg5 Rc3 49. Ne5 Rxa3 50. Nc6 Kf8 51. Kg3 a5 52. Bd2 a4 53. Nb4
Nxf6 54. Bg5 Ne4+ 0-1

[Event "World Rapid 2023"]
[Site "Samarkand UZB"]
[Date "2023.12.27"]
[EventDate "2023.12.26"]
[Round "8.40"]
[Result "1-0"]
[White "Mittal Aditya"]
[Black "Shant Sargsyan"]
[WhiteElo "2595"]
[BlackElo "2634"]
[PlyCount "110"]

1. d4 d5 2. c4 e6 3. Nf3 Nf6 4. Nc3 Bb4 5. Qa4+ Nc6 6. e3 O-O 7. Qc2 b6 8. Bd2
Be7 9. a3 Ba6 10. cxd5 Bxf1 11. Rxf1 exd5 12. Ne2 Nb8 13. Ng3 Bd6 14. Ne5 c5 15.
Bc3 Re8 16. f4 Nbd7 17. O-O-O cxd4 18. Nc6 d3 19. Qxd3 Qc8 20. Nd4 Nc5 21. Qc2
Bf8 22. Kb1 Nce4 23. Nxe4 Nxe4 24. Ne2 Qg4 25. g3 Rac8 26. Rxd5 Bxa3 27. Rfd1
Bf8 28. Rd7 Nc5 29. Rxa7 Rxe3 30. Nd4 Ne4 31. Rd3 Nxc3+ 32. Rxc3 Rcxc3 33. bxc3
Qc8 34. Kb2 b5 35. Qb3 b4 36. Qxf7+ Kh8 37. c4 Qd8 38. Qd5 Qf6 39. Rf7 Qd6 40.
Nf5 Re2+ 41. Kb3 Qb8 42. Qb7 Qe8 43. Rxg7 Re3+ 44. Nxe3 Qxe3+ 45. Ka4 Qe8+ 46.
Rd7 b3 47. Kxb3 Qe3+ 48. Kc2 Qe2+ 49. Kb1 Qe1+ 50. Ka2 Qa5+ 51. Kb3 Qa3+ 52. Kc2
Qa4+ 53. Kb1 Qxc4 54. Qb2+ Kg8 55. Qa2 1-0

[Event "World Rapid 2023"]
[Site "Samarkand UZB"]
[Date "2023.12.27"]
[EventDate "2023.12.26"]
[Round "8.41"]
[Result "1-0"]
[White "S L Narayanan"]
[Black "Denis Makhnev"]
[WhiteElo "2677"]
[BlackElo "2486"]
[PlyCount "60"]

1. d4 d5 2. c4 e6 3. Nc3 c6 4. e3 Nf6 5. Nf3 Be7 6. b3 b6 7. Bb2 O-O 8. Bd3 Bb7
9. O-O Nbd7 10. Qe2 Rc8 11. Rad1 Qc7 12. Ne5 dxc4 13. bxc4 Rfd8 14. f4 a6 15. f5
Bd6 16. fxe6 fxe6 17. Ng4 Rf8 18. Ne4 Rce8 19. c5 Be7 20. cxb6 Qxb6 21. Ngxf6+
Nxf6 22. Nxf6+ Bxf6 23. Ba3 Qa5 24. Bxf8 Rxf8 25. Qg4 Qxa2 26. d5 exd5 27. Qe6+
Kh8 28. Rxf6 gxf6 29. Qe7 Kg8 30. Qxh7# 1-0

[Event "World Rapid 2023"]
[Site "Samarkand UZB"]
[Date "2023.12.27"]
[EventDate "2023.12.26"]
[Round "8.42"]
[Result "0-1"]
[White "Cem Kaan Gokerkan"]
[Black "Alexandr Predke"]
[WhiteElo "2523"]
[BlackElo "2689"]
[PlyCount "90"]

1. e4 c5 2. Nf3 Nc6 3. d4 cxd4 4. Nxd4 Nf6 5. Nc3 e5 6. Ndb5 d6 7. Bg5 a6 8. Na3
b5 9. Nd5 Be7 10. Bxf6 Bxf6 11. c4 b4 12. Nc2 Rb8 13. b3 O-O 14. h4 Be6 15. g3
a5 16. Bh3 Bxd5 17. Qxd5 Nd4 18. Nxd4 exd4 19. O-O Re8 20. Qf5 Ra8 21. Rad1 a4
22. Rd3 axb3 23. axb3 Ra5 24. Qf4 Ra2 25. Rfd1 Rc2 26. Bg2 Rc3 27. Qf5 Re5 28.
Qf4 Ra5 29. Rf3 Qd7 30. Qd2 Qg4 31. Rf4 Qe6 32. Rb1 Ra3 33. Qd1 Be5 34. Rf3 Qg4
35. Kf1 g6 36. Kg1 Ra2 37. Kf1 Bxg3 38. Rxg3 Rxg3 39. fxg3 Qxg3 40. Qf3 Rxg2 41.
Qxg3 Rxg3 42. Rd1 Rxb3 43. Rxd4 Rc3 44. Ke2 b3 45. Rxd6 Rxc4 0-1

[Event "World Rapid 2023"]
[Site "Samarkand UZB"]
[Date "2023.12.27"]
[EventDate "2023.12.26"]
[Round "8.43"]
[Result "1/2-1/2"]
[White "Raunak Sadhwani"]
[Black "Ernur Amangeldy"]
[WhiteElo "2654"]
[BlackElo "2134"]
[PlyCount "60"]

1. e4 c5 2. Nf3 d6 3. Bb5+ Bd7 4. Bxd7+ Nxd7 5. O-O e6 6. c4 Be7 7. d4 cxd4 8.
Nxd4 a6 9. b3 Bf6 10. Nc3 Ne7 11. Bb2 O-O 12. Nde2 Nc5 13. Qc2 Nc6 14. Ng3 Nb4
15. Qe2 Nbd3 16. Rad1 Nxb2 17. Qxb2 b5 18. Qc2 bxc4 19. bxc4 Rb8 20. Rb1 Qc7 21.
Nh5 Nd7 22. Ne2 Qc5 23. Nxf6+ Nxf6 24. Qd3 h6 25. Nd4 Rxb1 26. Rxb1 Rc8 27. Rc1
d5 28. exd5 exd5 29. Nb3 dxc4 30. Nxc5 1/2-1/2

[Event "World Rapid 2023"]
[Site "Samarkand UZB"]
[Date "2023.12.27"]
[EventDate "2023.12.26"]
[Round "8.44"]
[Result "1/2-1/2"]
[White "Daniyal Sapenov"]
[Black "Evgeniy Najer"]
[WhiteElo "2350"]
[BlackElo "2663"]
[PlyCount "128"]

1. e4 e6 2. d4 d5 3. e5 c5 4. c3 Nc6 5. Nf3 Bd7 6. Be2 f6 7. O-O fxe5 8. Nxe5
Nxe5 9. dxe5 Qc7 10. c4 O-O-O 11. cxd5 Qxe5 12. Bf3 Bd6 13. g3 exd5 14. Nc3 Ne7
15. Bf4 Qf6 16. Bxd6 Qxd6 17. Ne4 Qb6 18. Nxc5 Kb8 19. Qd4 Nc6 20. Qf4+ Ka8 21.
Nxd7 Rxd7 22. Rad1 Rhd8 23. Rd2 a6 24. Rfd1 d4 25. Bxc6 bxc6 26. Qe4 h6 27. Rd3
Qc5 28. Ra3 Ka7 29. Ra4 Qb6 30. Qd3 Qb5 31. Rc4 Rd6 32. b3 R8d7 33. Rd2 g6 34.
Re2 Qf5 35. Re4 g5 36. g4 Qb5 37. a4 Qb6 38. b4 Rd5 39. Re6 R5d6 40. Qg6 Qc7 41.
Rxd6 Qxd6 42. Qd3 Kb7 43. h3 Qf4 44. b5 axb5 45. axb5 cxb5 46. Rc5 Rc7 47. Qxb5+
Kc8 48. Qe8+ Kb7 49. Rf5 Qc1+ 50. Kh2 Qc6 51. Qf8 Qb6 52. Rd5 Rc4 53. Qf3 Qc7+
54. Kg1 Qc6 55. Rd7+ Kb6 56. Qb3+ Ka6 57. Qa2+ Kb5 58. Qb3+ Ka6 59. Qa2+ Kb5 60.
Qb3+ Ka6 61. Qa3+ Kb5 62. Qb3+ Ka6 63. Qa3+ Kb5 64. Qb3+ Ka6 1/2-1/2

[Event "World Rapid 2023"]
[Site "Samarkand UZB"]
[Date "2023.12.27"]
[EventDate "2023.12.26"]
[Round "8.45"]
[Result "1/2-1/2"]
[White "Shakhriyar Mamedyarov"]
[Black "Ediz Gurel"]
[WhiteElo "2723"]
[BlackElo "2560"]
[PlyCount "76"]

1. d4 d5 2. c4 c6 3. Nc3 Nf6 4. e3 Bf5 5. cxd5 cxd5 6. Qb3 Nc6 7. Qxb7 Bd7 8.
Qb3 Rb8 9. Qd1 e5 10. Nge2 exd4 11. Nxd4 Bd6 12. Bb5 Nxd4 13. Bxd7+ Qxd7 14.
exd4 O-O 15. O-O Rfe8 16. Qf3 Ne4 17. g3 Qc6 18. Rd1 Rb4 19. Nxe4 Rxe4 20. b3
Rb8 21. Be3 Ba3 22. Kg2 Rbe8 23. Qe2 f5 24. Qd3 h6 25. Rd2 Bd6 26. Rc2 Qd7 27.
Rac1 f4 28. Bxf4 Bxf4 29. gxf4 Rxf4 30. Rc7 Qe6 31. h3 Ref8 32. R1c2 Qf6 33. Qg3
Rf3 34. Qg4 Rxf2+ 35. Kh1 Rf1+ 36. Kh2 Rf2+ 37. Kh1 Rf1+ 38. Kh2 Rf2+ 1/2-1/2

[Event "World Rapid 2023"]
[Site "Samarkand UZB"]
[Date "2023.12.27"]
[EventDate "2023.12.26"]
[Round "8.46"]
[Result "0-1"]
[White "Jakub Kosakowski"]
[Black "AR Saleh Salem"]
[WhiteElo "2479"]
[BlackElo "2639"]
[PlyCount "90"]

1. e4 e5 2. Nf3 Nc6 3. Bb5 a6 4. Ba4 Nf6 5. O-O Be7 6. d3 b5 7. Bb3 d6 8. Bd2
O-O 9. h3 Rb8 10. Re1 Re8 11. a4 b4 12. a5 h6 13. c3 Bf8 14. Ba4 bxc3 15. bxc3
Bd7 16. c4 Nd4 17. Nxd4 exd4 18. Bf4 Bxa4 19. Qxa4 Nd7 20. Nd2 Nc5 21. Qc2 Qd7
22. Nf3 Rb3 23. Red1 Rc3 24. Qb1 Rb3 25. Qc2 Rc3 26. Qb1 g5 27. Bc1 Bg7 28. Ra3
f5 29. Rxc3 dxc3 30. exf5 Qa4 31. Re1 Rxe1+ 32. Nxe1 Qd1 33. Qb8+ Kh7 34. Qe8
Nd7 35. Qg6+ Kg8 36. Qe8+ Nf8 37. Qe3 Bd4 38. Qxd4 Qxe1+ 39. Kh2 Qxc1 40. Qd5+
Kg7 41. Qd4+ Kh7 42. Qf6 Kg8 43. g3 Qe1 44. Kg2 c2 45. Kh2 Nd7 0-1

[Event "World Rapid 2023"]
[Site "Samarkand UZB"]
[Date "2023.12.27"]
[EventDate "2023.12.26"]
[Round "8.48"]
[Result "1-0"]
[White "Haik M Martirosyan"]
[Black "M Pranesh"]
[WhiteElo "2678"]
[BlackElo "2523"]
[PlyCount "126"]

1. d4 d5 2. c4 e6 3. Nf3 Nf6 4. Nc3 Nbd7 5. cxd5 exd5 6. Qc2 c6 7. Bg5 h6 8. Bh4
Be7 9. e3 O-O 10. Bd3 Re8 11. O-O Nf8 12. Bg3 Nh5 13. Be5 Be6 14. h3 Bd6 15.
Rab1 Nf6 16. b4 Bxe5 17. Nxe5 N6d7 18. f4 f6 19. Nf3 Bf7 20. Rfe1 Nb6 21. a4 Nc8
22. b5 Nd6 23. bxc6 bxc6 24. Na2 Rc8 25. Nb4 Rc7 26. Rbc1 Ne6 27. Nh4 Nc4 28.
Nf5 a5 29. Na6 Rb7 30. Nc5 Rb4 31. Qf2 Nxc5 32. dxc5 Be6 33. Nd4 Bd7 34. Qg3 Nd2
35. Bf5 Bxf5 36. Nxf5 Qd7 37. Qg6 Reb8 38. Nxh6+ Kh8 39. Nf5 Rb2 40. h4 Ra2 41.
Re2 Rbb2 42. Kh1 Ne4 43. Rxb2 Rxb2 44. Kh2 Rb7 45. h5 Qf7 46. Rf1 Nc3 47. Rf3
Qxg6 48. hxg6 Kg8 49. Rh3 Nxa4 50. Nd6 Rb3 51. Nf7 Kf8 52. Rh8+ Ke7 53. Nd6 f5
54. Nxf5+ Kf6 55. Nh4 Nxc5 56. Rf8+ Ke6 57. f5+ Ke5 58. Nf3+ Kd6 59. f6 Ne6 60.
Nd4 Rb7 61. Nxe6 Kxe6 62. f7 Kf6 63. Rc8 1-0

[Event "World Rapid 2023"]
[Site "Samarkand UZB"]
[Date "2023.12.27"]
[EventDate "2023.12.26"]
[Round "8.49"]
[Result "1-0"]
[White "V Pranav"]
[Black "Gadir Guseinov"]
[WhiteElo "2611"]
[BlackElo "2636"]
[PlyCount "100"]

1. e4 c5 2. Nf3 e6 3. d4 cxd4 4. Nxd4 Nf6 5. Nc3 Nc6 6. Ndb5 Bb4 7. a3 Bxc3+ 8.
Nxc3 d5 9. Bd3 dxe4 10. Nxe4 Nxe4 11. Bxe4 Qxd1+ 12. Kxd1 Bd7 13. Be3 O-O-O 14.
Kc1 f5 15. Bd3 b6 16. b3 Kb7 17. Kb2 Ne5 18. Be2 Bc6 19. f3 h6 20. h4 g6 21.
Rad1 Nf7 22. a4 Rxd1 23. Rxd1 g5 24. Rh1 f4 25. Bd4 Rg8 26. Bc4 Bd7 27. h5 Nd6
28. Bd3 Nf5 29. Bf2 g4 30. Rd1 Bc6 31. Bxf5 exf5 32. Rd6 gxf3 33. gxf3 Rg2 34.
Bd4 Bxf3 35. Rxh6 Be4 36. Rh7+ Kc6 37. h6 f3 38. Rg7 Rxc2+ 39. Ka3 f2 40. h7
f1=Q 41. Rg6+ Kb7 42. h8=Q Rc7 43. Rg1 Qd3 44. Be5 Rd7 45. Rc1 Ka6 46. Rc3 Qd5
47. b4 Rd8 48. b5+ Ka5 49. Qg7 Rd7 50. Qf8 1-0

[Event "World Rapid 2023"]
[Site "Samarkand UZB"]
[Date "2023.12.27"]
[EventDate "2023.12.26"]
[Round "8.50"]
[Result "1-0"]
[White "Yuriy Kuzubov"]
[Black "Alisher Suleymenov"]
[WhiteElo "2613"]
[BlackElo "2513"]
[PlyCount "96"]

1. d4 Nf6 2. Nf3 g6 3. Nbd2 Bg7 4. e4 O-O 5. Be2 d5 6. e5 Ne4 7. Nxe4 dxe4 8.
Ng5 c5 9. Nxe4 cxd4 10. f4 Qa5+ 11. Qd2 Qb6 12. Bd3 Nc6 13. a3 Bf5 14. O-O a5
15. Kh1 a4 16. Qe2 Rac8 17. Bd2 Rc7 18. g4 Bxe4+ 19. Qxe4 e6 20. Rab1 Rfc8 21.
b3 Qc5 22. bxa4 Qxa3 23. a5 Qe7 24. Rb5 Qh4 25. Qf3 g5 26. Qg3 Qxg3 27. hxg3 Bf8
28. Rfb1 Nd8 29. Kg2 Rc5 30. Kf3 Rxb5 31. Rxb5 Bc5 32. Be4 Ba7 33. Ke2 Rc7 34.
Bb4 h6 35. Bd6 Rc3 36. Rb3 d3+ 37. Bxd3 Rxb3 38. cxb3 Nc6 39. b4 Nd4+ 40. Kd1 b5
41. Bc5 Bxc5 42. bxc5 b4 43. a6 Nc6 44. Be4 Na7 45. Kc2 f6 46. Kb3 gxf4 47. gxf4
Kf7 48. Kxb4 1-0

[Event "World Rapid 2023"]
[Site "Samarkand UZB"]
[Date "2023.12.27"]
[EventDate "2023.12.26"]
[Round "8.51"]
[Result "0-1"]
[White "Sumiya Bilguun"]
[Black "Hans Moke Niemann"]
[WhiteElo "2466"]
[BlackElo "2667"]
[PlyCount "76"]

1. e4 c5 2. Nc3 Nc6 3. Bb5 Nd4 4. Nf3 a6 5. Bc4 e6 6. Nxd4 cxd4 7. Ne2 Bc5 8. d3
Ne7 9. Bb3 O-O 10. O-O b6 11. Ng3 Bb7 12. f4 f5 13. Kh1 Kh8 14. Qe2 Ng6 15. Bd2
Bd6 16. exf5 exf5 17. Qf2 Nh4 18. Rg1 Re8 19. Rae1 Rxe1 20. Bxe1 Qe7 21. Bd2 Re8
22. h3 h6 23. Kh2 Qf6 24. Nh5 Qg6 25. Qxh4 Be7 26. Qf2 Qxh5 27. Re1 Bf6 28.
Rxe8+ Qxe8 29. Qe1 Qg6 30. g3 Qh5 31. c3 Kh7 32. Bd1 Bf3 33. g4 fxg4 34. Bxf3
Qxh3+ 35. Kg1 gxf3 36. Qf1 Qg3+ 37. Kh1 f2 38. Qg2 Qh4+ 0-1

[Event "World Rapid 2023"]
[Site "Samarkand UZB"]
[Date "2023.12.27"]
[EventDate "2023.12.26"]
[Round "8.52"]
[Result "1-0"]
[White "Henriquez Villagra, Cristobal"]
[Black "Jens Hirneise"]
[WhiteElo "2607"]
[BlackElo "2270"]
[PlyCount "88"]

1. Nf3 Nf6 2. d4 g6 3. Bf4 Bg7 4. e3 d6 5. h3 O-O 6. Be2 Nfd7 7. O-O e5 8. Bh2
Nc6 9. c3 f5 10. a4 e4 11. Nfd2 Nf6 12. c4 g5 13. Ra3 Ne7 14. f3 exf3 15. Nxf3
g4 16. Nh4 gxh3 17. gxh3 Ne4 18. Nd2 Nxd2 19. Qxd2 Ng6 20. Nxg6 hxg6 21. Bf3 Kh7
22. Qg2 Bh6 23. Rb3 Qe8 24. Kh1 Qxa4 25. Rg1 g5 26. Rc3 Bd7 27. e4 Rae8 28. exf5
Bxf5 29. h4 Rg8 30. Bd5 Rg7 31. Rf3 Qd7 32. Qf2 Bg4 33. Rf6 Re2 34. Qg3 Bf5 35.
Qf3 c6 36. Qxe2 cxd5 37. cxd5 Re7 38. Qh5 Be4+ 39. Rg2 Bxg2+ 40. Kxg2 Kg8 41.
Rxh6 Qb5 42. Rh8+ Kg7 43. Qh6+ Kf7 44. Rf8# 1-0

[Event "World Rapid 2023"]
[Site "Samarkand UZB"]
[Date "2023.12.27"]
[EventDate "2023.12.26"]
[Round "8.53"]
[Result "1-0"]
[White "M Amin Tabatabaei"]
[Black "Grzegorz Nasuta"]
[WhiteElo "2692"]
[BlackElo "2579"]
[PlyCount "120"]

1. e4 e5 2. Nf3 Nc6 3. Bc4 Nf6 4. d3 Bc5 5. c3 a6 6. Nbd2 Ba7 7. O-O d6 8. Re1
h6 9. Nf1 O-O 10. Ng3 Na5 11. Bb3 Nxb3 12. axb3 Re8 13. h3 Be6 14. d4 exd4 15.
Nxd4 d5 16. e5 Ne4 17. Qf3 Nxg3 18. Qxg3 Kh8 19. b4 Qd7 20. Be3 Bf5 21. Nxf5
Qxf5 22. Bxa7 Rxa7 23. e6 b6 24. Re5 Qf6 25. exf7 Qxf7 26. Qf3 Rf8 27. Qxf7 Rxf7
28. Rxd5 Ra8 29. Kf1 Re7 30. Re1 Rxe1+ 31. Kxe1 a5 32. bxa5 bxa5 33. Rc5 Ra7 34.
Kd2 Kg8 35. Kc2 a4 36. Kb1 Kf7 37. Rc6 Ke8 38. Ka2 Kd8 39. Ka3 Ra5 40. Rg6 Rf5
41. f3 Rf7 42. Kxa4 Kd7 43. b4 Kc8 44. c4 Kb7 45. c5 Ka7 46. h4 Kb7 47. h5 Ka7
48. Ka5 Kb7 49. b5 Ka7 50. g4 Kb7 51. f4 Rxf4 52. Rxg7 Rc4 53. c6+ Kb8 54. g5
hxg5 55. h6 Rh4 56. h7 g4 57. Rg8+ Ka7 58. h8=Q Rxh8 59. Rxh8 g3 60. Rc8 1-0

[Event "World Rapid 2023"]
[Site "Samarkand UZB"]
[Date "2023.12.27"]
[EventDate "2023.12.26"]
[Round "8.54"]
[Result "0-1"]
[White "Nodirbek Yakubboev"]
[Black "Maksim Tsaruk"]
[WhiteElo "2661"]
[BlackElo "2460"]
[PlyCount "80"]

1. c4 e5 2. Nc3 f5 3. d4 exd4 4. Qxd4 Nc6 5. Qe3+ Qe7 6. Nd5 Qxe3 7. Bxe3 Bb4+
8. Kd1 Bd6 9. g3 Nge7 10. Bg2 Nxd5 11. cxd5 Ne7 12. Rc1 b6 13. Kc2 Bb7 14. Rd1
O-O 15. Nh3 a5 16. Bf4 Rf6 17. Rd3 a4 18. Rhd1 Ra5 19. e3 h6 20. Bxd6 Rxd6 21.
Rc3 Bxd5 22. Rxc7 Bb3+ 23. axb3 axb3+ 24. Kxb3 Rxd1 25. Nf4 Rc5 26. Rb7 Rd2 27.
Rxb6 g5 28. Nh5 Rxf2 29. Ba8 Rc8 30. Bb7 Rcc2 31. Ka3 Rxh2 32. Nf6+ Kg7 33. Nxd7
Rc7 34. Nb8 Nc8 35. Rb4 Nd6 36. Bd5 Re2 37. Rb3 Re7 38. Rb6 R2xe3+ 39. Ka4 Nc8
40. Rc6 Ra7+ 0-1

[Event "World Rapid 2023"]
[Site "Samarkand UZB"]
[Date "2023.12.27"]
[EventDate "2023.12.26"]
[Round "8.55"]
[Result "1/2-1/2"]
[White "Aleksey Dreev"]
[Black "Bobir Sattarov"]
[WhiteElo "2606"]
[BlackElo "2353"]
[PlyCount "154"]

1. d4 d6 2. c4 e5 3. Nc3 Nc6 4. Nf3 Nf6 5. Bg5 Be7 6. e3 O-O 7. d5 Nb8 8. Be2 a5
9. e4 Na6 10. Bd2 Bd7 11. O-O c6 12. Rc1 Qb8 13. h3 Nc5 14. Qc2 Rc8 15. Be3 cxd5
16. exd5 Bd8 17. Nd2 Bb6 18. Kh1 Qa7 19. Bg5 Bd8 20. f4 exf4 21. Bxf4 Be7 22.
Be3 Re8 23. Bd4 Qb8 24. Rf2 Rf8 25. Rcf1 Ne8 26. Nde4 f5 27. Nd2 Bh4 28. Rf3 Nf6
29. Bd3 Nxd3 30. Qxd3 g6 31. Re3 Nh5 32. Kg1 Qd8 33. Nf3 Bg3 34. Ne2 Nf4 35. Qd2
Nxe2+ 36. Rxe2 f4 37. b3 Re8 38. Bf2 Rxe2 39. Qxe2 Qe8 40. Re1 b5 41. Bxg3 fxg3
42. Qd2 Qf8 43. Qg5 Re8 44. Rxe8 Qxe8 45. Qxg3 bxc4 46. bxc4 Qe7 47. Qf4 Kg7 48.
Kf2 h6 49. Qd4+ Kh7 50. Qa7 a4 51. Qc7 Kg7 52. a3 Kf8 53. Qa7 g5 54. Qd4 Kg8 55.
Kg1 Bf5 56. Kf2 Bg6 57. Kg3 Bf5 58. Kf2 Kf7 59. g4 Bb1 60. Qe3 Qf6 61. Kg3 Kg6
62. Nd4 Kg7 63. Ne6+ Kg6 64. Qd4 Qxd4 65. Nxd4 Ba2 66. Nb5 Bxc4 67. Nxd6 Bxd5
68. Nf5 Bb7 69. h4 h5 70. Nd6 Bc6 71. hxg5 Kxg5 72. Nf7+ Kf6 73. Nd8 Bd5 74.
gxh5 Kg5 75. h6 Kxh6 76. Kf4 Kg7 77. Ke5 Bb3 1/2-1/2